000
00271nam a22001217a 4500
008
180110b xxu||||| |||| 00| 0 eng d
041
_a
eng
080
_a
37 SER
100
_a
46
101
_a
EDU
245
_a
Schooling for Tomorrow
_c
SERGIOVANNI,TH,J
942
_2
udc
_c
BK
999
_c
40029
_d
40029